The Arab world today / (Record no. 25275)
[ view plain ]
| 000 -LEADER | |
|---|---|
| fixed length control field | 00667cam a2200229 a 4500 |
| 001 - CONTROL NUMBER | |
| control field | 25275 |
| 003 - CONTROL NUMBER IDENTIFIER | |
| rucl marc code | BD-RjUL |
| 005 - DATE AND TIME OF LATEST TRANSACTION | |
| control field | 20211209050845.0 |
| 008 - FIXED-LENGTH DATA ELEMENTS--GENERAL INFORMATION | |
| fixed length control field | 140216s1962 vrab 00110 eng d |
| 035 ## - SYSTEM CONTROL NUMBER | |
| System control number | (BD-RjUL)25344 |
| 040 ## - CATALOGING SOURCE | |
| Original cataloging agency | ANL |
| Language of cataloging | eng |
| Transcribing agency | ANL |
| Modifying agency | BD-RjUL |
| 041 ## - LANGUAGE CODE | |
| Language code of text/sound track or separate title | eng |
| 082 04 - DEWEY DECIMAL CLASSIFICATION NUMBER | |
| Classification number | 956 |
| Edition number | 19 |
| Author mark and year | BEA 1962 |
| 100 10 - MAIN ENTRY--PERSONAL NAME | |
| Personal name | Berger, Morroe. |
| 9 (RLIN) | 77736 |
| 245 14 - TITLE STATEMENT | |
| Title | The Arab world today / |
| Statement of responsibility, etc. | Morroe Berger. |
| 260 0# - PUBLICATION, DISTRIBUTION, ETC. (IMPRINT) | |
| Place of publication, distribution, etc. | London : |
| Name of publisher, distributor, etc. | Weidenfeld, |
| Date of publication, distribution, etc. | c1962. |
| 300 ## - PHYSICAL DESCRIPTION | |
| Pagination | 480 p. : |
| Illustrations | ill. ; |
| Size | 21 cm. |
| 504 ## - BIBLIOGRAPHY, ETC. NOTE | |
| Bibliography, etc | Includes index. |
| 651 #0 - SUBJECT ADDED ENTRY--GEOGRAPHIC NAME | |
| Geographic name | Arab countries |
| General subdivision | Economic conditions. |
| 9 (RLIN) | 9017 |
| Geographic name | Arab countries |
| General subdivision | Politics and government |
| Chronological subdivision | 1945- |
| 9 (RLIN) | 77737 |
| 942 ## - ADDED ENTRY ELEMENTS (KOHA) | |
| Source of classification or shelving scheme | Dewey Decimal Classification |
| Koha item type | Books |
| Lost status | Source of classification or shelving scheme | Damaged status | Not for loan | Collection code | Permanent Location | Current Location | Shelving location | Date acquired | Source of acquisition | Cost, normal purchase price | Total Checkouts | Full call number | Date last seen | Copy number | Koha item type |
|---|---|---|---|---|---|---|---|---|---|---|---|---|---|---|---|
| Dewey Decimal Classification | Added to bundle | Non-fiction | Central Library, University of Rajshahi | Central Library, University of Rajshahi | Reading Room | 29/11/1962 | Zeitlinger | 36.00 | 956 BEA 1962 | 16/03/2014 | C-1 | Books |